|
|
|
|
| LEADER |
02065nam a22004815i 4500 |
| 001 |
978-3-642-32381-2 |
| 003 |
DE-He213 |
| 005 |
20151204173319.0 |
| 007 |
cr nn 008mamaa |
| 008 |
130202s2012 gw | s |||| 0|eng d |
| 020 |
|
|
|a 9783642323812
|9 978-3-642-32381-2
|
| 024 |
7 |
|
|a 10.1007/978-3-642-32381-2
|2 doi
|
| 040 |
|
|
|d GrThAP
|
| 050 |
|
4 |
|a QC170-197
|
| 050 |
|
4 |
|a QC717.6-718.8
|
| 072 |
|
7 |
|a PHM
|2 bicssc
|
| 072 |
|
7 |
|a SCI074000
|2 bisacsh
|
| 072 |
|
7 |
|a SCI051000
|2 bisacsh
|
| 082 |
0 |
4 |
|a 539
|2 23
|
| 100 |
1 |
|
|a Yamanouchi, Kaoru.
|e author.
|
| 245 |
1 |
0 |
|a Quantum Mechanics of Molecular Structures
|h [electronic resource] /
|c by Kaoru Yamanouchi.
|
| 264 |
|
1 |
|a Berlin, Heidelberg :
|b Springer Berlin Heidelberg :
|b Imprint: Springer,
|c 2012.
|
| 300 |
|
|
|a XIV, 267 p. 90 illus.
|b online resource.
|
| 336 |
|
|
|a text
|b txt
|2 rdacontent
|
| 337 |
|
|
|a computer
|b c
|2 rdamedia
|
| 338 |
|
|
|a online resource
|b cr
|2 rdacarrier
|
| 347 |
|
|
|a text file
|b PDF
|2 rda
|
| 505 |
0 |
|
|a The Energy and Geometrical Structure of Molecules -- Vibrating Molecules -- Rotating Molecules -- Scattering Electrons.
|
| 520 |
|
|
|a At a level accessible to advanced undergraduates, this textbook explains the fundamental role of quantum mechanics in determining the structure, dynamics, and other properties of molecules. Readers will come to understand the quantum-mechanical basis for harmonic oscillators, angular momenta and scattering processes. Exercises are provided to help readers deepen their grasp of the essential phenomena.
|
| 650 |
|
0 |
|a Physics.
|
| 650 |
|
0 |
|a Physical chemistry.
|
| 650 |
|
0 |
|a Quantum physics.
|
| 650 |
|
0 |
|a Atoms.
|
| 650 |
1 |
4 |
|a Physics.
|
| 650 |
2 |
4 |
|a Atomic, Molecular, Optical and Plasma Physics.
|
| 650 |
2 |
4 |
|a Physical Chemistry.
|
| 650 |
2 |
4 |
|a Quantum Physics.
|
| 710 |
2 |
|
|a SpringerLink (Online service)
|
| 773 |
0 |
|
|t Springer eBooks
|
| 776 |
0 |
8 |
|i Printed edition:
|z 9783642323805
|
| 856 |
4 |
0 |
|u http://dx.doi.org/10.1007/978-3-642-32381-2
|z Full Text via HEAL-Link
|
| 912 |
|
|
|a ZDB-2-PHA
|
| 950 |
|
|
|a Physics and Astronomy (Springer-11651)
|